| 000 | 01283cam a2200349 a 4500 | ||
|---|---|---|---|
| 001 | 12149096 | ||
| 003 | PILC | ||
| 005 | 20151021092931.0 | ||
| 008 | 000819s1999 nyu b 000 1 eng d | ||
| 010 | _a 00504094 | ||
| 020 | _a1-896298-04-4 | ||
| 035 | _a(OCoLC)ocm41479383 | ||
| 040 |
_aEOW _cEOW _dDLC |
||
| 042 | _alccopycat | ||
| 050 | 0 | 0 |
_aPZ 1 _b.Sw977 1994 |
| 082 | 0 | 0 |
_aCLA Sw5g _b1999 |
| 100 | 1 |
_aSwift, Jonathan, _d1667-1745. _93213 |
|
| 245 | 1 | 0 |
_aGulliver's travels / _cJonathan Swift ; with a new introduction by Leo Damrosch. _bthe pagemaster classic series |
| 260 |
_aNew York : _bSignet Classic, _cc1994. |
||
| 300 |
_a311 p. : _bill., map ; _c18 cm. |
||
| 440 | 0 |
_aSignet classic _93214 |
|
| 650 | 0 |
_aGulliver, Lemuel (Fictitious character) _vFiction. _93215 |
|
| 650 | 0 |
_aVoyages, Imaginary _vEarly works to 1800. _93216 |
|
| 650 | 0 |
_aTravelers _vFiction. _93217 |
|
| 655 | 7 |
_aFantasy fiction. _2gsafd _93053 |
|
| 655 | 7 |
_aSatire. _2lcsh _93218 |
|
| 700 | 1 |
_aDamrosch, Leopold. _93219 |
|
| 906 |
_a7 _bcbc _ccopycat _d3 _encip _f20 _gy-gencatlg |
||
| 942 |
_2lcc _cBK |
||
| 999 |
_c12333 _d12333 |
||